[Event "Zaragoza-B op"]
[Site "Zaragoza"]
[Date "1996.??.??"]
[Round "?"]
[White "Pautrot, Stephan"]
[Black "Hernando, Antonio"]
[Result "0-1"]
[WhiteElo "2115"]
[BlackElo "2255"]

1.e4 d5 2.exd5 Qxd5 3.Nc3 Qd8 4.d4 Nf6 5.Bc4 c6 6.Nf3 Bf5 7.Ne5 e6 8.O-O Nbd7
9.Qf3 Bg6 10.Nxg6 hxg6 11.Re1 Be7 12.Ne2 Qa5 13.c3 Qh5 14.Qxh5 Nxh5 15.Nf4 Nxf4
16.Bxf4 O-O-O 17.Rad1 Nb6 18.Bb3 Bf6 19.Be5 Bxe5 20.dxe5 g5 21.g3 Rxd1 22.Rxd1 Nd7
23.f4 gxf4 24.gxf4 g6 25.Kg2 Nb6 26.Kg3 Nd5 27.Bxd5 cxd5 28.h4 Kc7 29.Kg4 Rh5
30.c4 dxc4 31.Rc1 b5 32.b3 Rh8 33.bxc4 b4 34.Kg5 Rd8 35.Kf6 Rd7 36.Rb1 a5
37.a3 bxa3 38.Rb3 Kc6 39.Rxa3 Ra7 40.Ra1 a4 41.f5 exf5 42.e6 fxe6 43.Kxg6 f4
44.h5 f3 45.h6 e5 46.Kf5 f2 47.Ke4 Rf7 48.Rf1 a3 49.h7 Rxh7 50.Rxf2 Ra7 51.Ra2 Kc5
52.Kd3 Kb4 53.Ra1 a2  0-1

[Event "Zaragoza-B op"]
[Site "Zaragoza"]
[Date "1996.??.??"]
[Round "?"]
[White "Jurkovic, Ante"]
[Black "Gines, Pedro"]
[Result "1-0"]
[WhiteElo "2335"]
[BlackElo "2155"]

1.e4 d5 2.exd5 Qxd5 3.Nc3 Qd8 4.d4 Nf6 5.Qd3 c6 6.Nf3 Bg4 7.Ne5 Bh5 8.Bd2 Nbd7
9.Qh3 Qc8 10.Qh4 Nxe5 11.dxe5 Qe6 12.f4 Bg6 13.O-O-O Ne4 14.Bd3 Nxc3 15.Bxc3 Bf5
16.Kb1 g6 17.Bxf5 gxf5 18.Rd3 Rd8 19.Rxd8+ Kxd8 20.Qf2 b6 21.Qe2 Kc7 22.Qa6 Kb8
23.Rd1 Bh6 24.g3 Rg8 25.a4 Qc8 26.Qc4 Rf8 27.a5 Kb7 28.Rd3 e6 29.Rd6 c5 30.axb6 axb6
31.Qb5 Qc7  1-0

[Event "AUT-chT2O 9798"]
[Site "Austria"]
[Date "1997.02.15"]
[Round "10"]
[White "Rolletschek, Heinrich"]
[Black "Schueller, Ernst"]
[Result "0-1"]
[WhiteElo "2325"]
[BlackElo "2255"]

1.e4 d5 2.exd5 Qxd5 3.Nc3 Qd6 4.d4 Nf6 5.Bc4 a6 6.Bb3 e6 7.Nge2 Nc6 8.Bf4 Qd8
9.O-O Bd6 10.Qd2 O-O 11.Rad1 Na5 12.Bxd6 Qxd6 13.Ne4 Nxe4 14.Qxa5 b6 15.Qe5 Bb7
16.c3 Qxe5 17.dxe5 Rfd8 18.Rfe1 Nd2 19.Nd4 Nxb3 20.Nxb3 c5 21.f4 Kf8 22.Kf2 Ke7
23.g3 a5 24.Nd2 Bd5 25.c4 Bc6 26.Nb1 f6 27.exf6+ gxf6 28.Nc3 Rxd1 29.Rxd1 h5
30.Rd2 Rg8 31.h4 a4 32.Nd1 Rb8 33.Ne3 Be4 34.Nd1 Bc6 35.Rd3 b5 36.cxb5 Rxb5
37.a3 e5 38.Ke3 Rb8 39.Kf2 Ke6 40.Rc3 Rb5 41.fxe5 fxe5 42.Ke3 Bd5 43.Rd3 Rb8
44.Nc3 Bc6 45.Rd2 Rg8 46.Kf2 Rf8+ 47.Ke2 c4 48.Ke1 Rf3 49.Ne2 Be4 50.Rd8 Bd3
51.Nc3 e4 52.Nxa4 Ke7 53.Rxd3 cxd3 54.Kd2 Kd6 55.Nc3 Ke5 56.b4 Rxg3 57.b5 Kd4  0-1

[Event "Oberwart op"]
[Site "Oberwart"]
[Date "1997.07.10"]
[Round "6"]
[White "Balinov, Ilija"]
[Black "Zelcic, Robert"]
[Result "1/2-1/2"]
[WhiteElo "2570"]
[BlackElo "2455"]

1.e4 d5 2.exd5 Qxd5 3.Nc3 Qd8 4.d4 Nf6 5.Bg5 c6 6.Nf3 Bg4 7.Be2 Qb6 8.O-O e6
9.Ne5 Bxe2 10.Qxe2 Be7 11.Rfe1 O-O 12.Ne4 Qxd4 13.Nxf6+ Bxf6 14.Bxf6 gxf6
15.Qh5 Qf4 16.Re3 fxe5 17.Rf3 Qd2 18.Rd3 Qf4 19.Rf3 Qd2 20.Rd3 Qf4 21.Rf3 Qd2  1/2-1/2

[Event "USA-ch G2"]
[Site "Chandler"]
[Date "1997.08.27"]
[Round "4"]
[White "De Firmian, Nick E"]
[Black "Dzindzichashvili, Roman"]
[Result "1/2-1/2"]
[WhiteElo "2570"]
[BlackElo "2540"]

1.e4 d5 2.exd5 Qxd5 3.Nc3 Qd6 4.d4 Nf6 5.Nf3 a6 6.Be3 e6 7.Qd2 Be7 8.Bd3 O-O
9.O-O-O b5 10.Ng5 Bb7 11.Bf4 Qd8 12.h4 Nbd7 13.Qe2 b4 14.Nce4 Nxe4 15.Nxe4 Nf6
16.Be5 Nxe4 17.Bxe4 Bxe4 18.Qxe4 Bd6 19.Qg4 Bxe5 20.dxe5 Qe7 21.Qc4 a5 22.Rd4 Rad8
23.Rhd1 Rxd4 24.Rxd4 h5 25.g3 Rd8 26.Qd3 Rxd4 27.Qxd4 a4 28.c3 bxc3 29.Qxc3 Qd7
30.Qc4 f6 31.exf6 gxf6 32.Kc2 Kg7 33.b3 axb3+ 34.Kxb3 Qd1+ 35.Qc2 Qd5+ 36.Kb2 c5  1/2-1/2

[Event "Terres Catalanes 15th"]
[Site "Ampuriabrava"]
[Date "1997.09.23"]
[Round "7"]
[White "Vehi Bach, Victor Manuel"]
[Black "Garcia Ilundain, David"]
[Result "1/2-1/2"]
[WhiteElo "2395"]
[BlackElo "2495"]

1.e4 d5 2.exd5 Qxd5 3.Nc3 Qd8 4.d4 Nf6 5.Bg5 e6 6.Nf3 Be7 7.Bxf6 Bxf6 8.Ne4 Nd7
9.Qd2 O-O 10.O-O-O b6 11.Bd3 Bb7 12.h4 c5 13.Nfg5 Be7  1/2-1/2

[Event "ESP-ch"]
[Site "Torrevieja"]
[Date "1997.10.01"]
[Round "4"]
[White "Escobar, Dominguez D"]
[Black "Asensio Soto, Fermin"]
[Result "1-0"]
[WhiteElo "2310"]
[BlackElo "2145"]

1.e4 d5 2.exd5 Qxd5 3.Nc3 Qd8 4.d4 Nf6 5.Bc4 e6 6.Nf3 Be7 7.Qe2 O-O 8.h4 b6
9.h5 Bb7 10.Bg5 Qc8 11.h6 g6 12.O-O-O Ba6 13.d5 Nxd5 14.Nxd5 Bxg5+ 15.Nxg5 exd5
16.Qe5  1-0

[Event "ESP-ch"]
[Site "Torrevieja"]
[Date "1997.10.06"]
[Round "9"]
[White "De la Riva Aguado, Oscar"]
[Black "Garcia Ilundain, David"]
[Result "1/2-1/2"]
[WhiteElo "2460"]
[BlackElo "2495"]

1.e4 d5 2.exd5 Qxd5 3.Nc3 Qd8 4.d4 Nf6 5.Nf3 Bg4 6.Be2 e6 7.h3 Bh5 8.g4 Bg6
9.Ne5 Bb4 10.h4 Nc6 11.Nxc6 bxc6 12.h5 Be4 13.O-O Bxc3 14.bxc3 Nd5 15.Bd2 Qh4
16.f3 Qg3+ 17.Kh1 Qh4+ 18.Kg1 Qg3+ 19.Kh1 Qxg4 20.fxe4 Qh3+ 21.Kg1 Qg3+  1/2-1/2

[Event "Viking op"]
[Site "Aaland-Stockholm"]
[Date "1997.??.??"]
[Round "?"]
[White "Kengis, Edvins"]
[Black "Duran, Tomas"]
[Result "1-0"]
[WhiteElo "2590"]
[BlackElo "2145"]

1.e4 d5 2.exd5 Qxd5 3.Nc3 Qd8 4.d4 Nf6 5.Nf3 Bg4 6.Be2 e6 7.h3 Bh5 8.O-O c6
9.Re1 Bd6 10.Bg5 Nbd7 11.Ne5 Bxe2 12.Qxe2 Qc7 13.Rad1 h6 14.Bc1 O-O 15.Rd3 Rad8
16.Rg3 Kh8 17.Rf3 Bxe5 18.dxe5 Nd5 19.Nxd5 cxd5 20.Rf4 Rc8 21.c3 Qd8 22.Qh5 Qg5
23.Qxg5 hxg5 24.Rd4 Rc6 25.Bxg5 f6 26.exf6 gxf6 27.Be3 a6 28.Rb4 b5 29.Rh4+ Kg8
30.Rd1 Rc4 31.Bd4 e5 32.b3 Rc6 33.Be3 Rd6 34.f4 Re8 35.fxe5 fxe5 36.Bd2 Nf6
37.Bg5 Nh7 38.Bd2 Nf6 39.Be1 Kf7 40.Rd3 Rc6 41.Rf3 e4 42.Rf1 Kg6 43.Rhf4 b4
44.c4 dxc4 45.bxc4 Ree6 46.Bxb4 Rxc4 47.Be7 Nd7 48.Rg4+ Kh6 49.Rf7  1-0

[Event "Barbera-A"]
[Site "Barbera"]
[Date "1997.??.??"]
[Round "6"]
[White "Rahal, Michael"]
[Black "Bravo, Narciso"]
[Result "1/2-1/2"]
[WhiteElo "2385"]
[BlackElo "2230"]

1.e4 d5 2.exd5 Qxd5 3.Nc3 Qd6 4.d4 Nf6 5.Nf3 a6 6.Bc4 e6 7.O-O b5 8.Bd3 Bb7
9.Re1 Nbd7 10.Bg5 Be7 11.Qe2 O-O 12.Rad1 c5 13.dxc5 Qxc5 14.Ne4 Qc7 15.c3 Bd5
16.Bb1 Rfe8 17.Nxf6+ Bxf6 18.Qd3 g6 19.Bxf6 Nxf6 20.Ne5 Rad8 21.Qe3 Kg7 22.Rd4 Ba8
23.Rh4 Ng8 24.Ng4 Qd6 25.Qh3 h5 26.Ne3 Qd2 27.Rf1 Nf6 28.b3 Rc8 29.c4 Rcd8
30.Qg3 Qd6 31.Rf4 Qe5 32.h4 b4 33.Re1 Qc3 34.Nc2 Qxg3 35.fxg3 Rd2 36.Rf2 Rd7
37.Ne3 Ng4 38.Nxg4 hxg4 39.Be4 Rd4 40.Bxa8 Rxa8  1/2-1/2

[Event "Barbera op"]
[Site "Barbera"]
[Date "1997.??.??"]
[Round "6"]
[White "Vehi Bach, Victor Manuel"]
[Black "Bravo, Narciso"]
[Result "1-0"]
[WhiteElo "2390"]
[BlackElo "2230"]

1.e4 d5 2.exd5 Qxd5 3.Nc3 Qd6 4.d4 Nf6 5.Nf3 a6 6.h3 b5 7.Bd3 Bb7 8.O-O e6
9.a4 b4 10.Nb1 Nbd7 11.Nbd2 c5 12.c3 bxc3 13.bxc3 Qc7 14.Nc4 Be7 15.Nfe5 Nxe5
16.dxe5 Nd7 17.Re1 O-O 18.Qg4 f5 19.exf6 Bxf6 20.Qxe6+ Kh8 21.Nd6 Bxc3 22.Nf7+ Rxf7
23.Qxf7 Be5 24.Bf4 Qc6 25.Be4  1-0

[Event "Regionalliga NW9798"]
[Site "Bayern"]
[Date "1997.??.??"]
[Round "?"]
[White "Scheidt, Karl Heinz"]
[Black "Jacob, Karl Heinz"]
[Result "1-0"]
[WhiteElo "1970"]
[BlackElo "1765"]

1.e4 d5 2.exd5 Qxd5 3.Nc3 Qd6 4.d4 Nf6 5.Nge2 Bg4 6.f3 Bf5 7.Bf4 Qd7 8.g4 Bg6
9.d5 e6 10.dxe6 fxe6 11.Qxd7+ Kxd7 12.g5 Ne8 13.O-O-O+ Bd6 14.Ne4 Bxe4 15.fxe4 Ke7
16.e5 Bc5 17.Bg2 c6 18.Rd3 Nc7 19.c4 Rd8 20.Rh3 Rh8 21.Be4 Nd7 22.Rxh7 Rxh7
23.Bxh7 Rf8 24.Kc2 Bd4 25.Rd1 Bxe5 26.Rxd7+ Kxd7 27.Bxe5  1-0

[Event "Oberliga Bayern9798"]
[Site "Bayern"]
[Date "1997.??.??"]
[Round "?"]
[White "Hiermann, Dietmar"]
[Black "Ziegler, Michael"]
[Result "1/2-1/2"]
[WhiteElo "2245"]
[BlackElo "2020"]

1.e4 d5 2.exd5 Qxd5 3.Nc3 Qd6 4.d4 Nf6 5.Nf3 a6 6.Bg5 Nbd7 7.Bd3 c5 8.Bxf6 Nxf6
9.dxc5 Qxc5 10.O-O e6 11.Qe2 Be7 12.Ne4 Qc7 13.c4 Nxe4 14.Qxe4 Bf6 15.Rab1 Rb8
16.b4 b6 17.Rfc1 Bb7 18.Qe3 O-O 19.Be4 Rfd8 20.h3 Bxe4 21.Qxe4 Qb7 22.Qe2 Qc8
23.Kf1 Qd7 24.Rb3 Qc7 25.c5 a5 26.c6 axb4 27.Rxb4 Be7 28.Rb3 Rd5 29.Rd3 Rbd8
30.Rxd5 Rxd5 31.Qe4 h6 32.g3 Bc5 33.Qa4 Rd8 34.Qe4 Rd5 35.Qa4 Rd8 36.Qe4  1/2-1/2

[Event "BEL-chT9697"]
[Site "BEL"]
[Date "1997.??.??"]
[Round "2"]
[White "Claesen, Jeroen"]
[Black "Schebler, Gerhard"]
[Result "1/2-1/2"]
[WhiteElo "2285"]
[BlackElo "2425"]

1.e4 d5 2.exd5 Qxd5 3.Nc3 Qd6 4.d4 Nf6 5.Nf3 e6 6.Bc4 a6 7.a4 Nbd7 8.O-O Be7
9.Qe2 O-O 10.Bg5 Nb6 11.Bd3 Nbd5 12.Ne4 Nxe4 13.Bxe7 Qxe7 14.Bxe4 Rd8 15.c3 Nf6
16.Ne5  1/2-1/2

[Event "Berliner Sommer"]
[Site "Berlin"]
[Date "1997.??.??"]
[Round "6"]
[White "Beckemeier, Werner"]
[Black "Jirovsky, Milos"]
[Result "1-0"]
[WhiteElo "2365"]
[BlackElo "2480"]

1.e4 d5 2.exd5 Qxd5 3.Nc3 Qd6 4.d4 Nf6 5.Nf3 a6 6.Bc4 b5 7.Bb3 Bb7 8.Qe2 e6
9.Bg5 Be7 10.O-O-O Nbd7 11.d5 Nc5 12.dxe6 Nxb3+ 13.axb3 Qxe6 14.Rhe1 Qxe2
15.Rxe2 Kf8 16.Bxf6 gxf6 17.Nd5 Bd6 18.Nh4 Rd8 19.Red2 Bxd5 20.Rxd5 Bf4+
21.Kb1 Rxd5 22.Rxd5 Ke7 23.g3 Bd6 24.c4 Ke6 25.Nf5 h5 26.f4 bxc4 27.bxc4 Bf8
28.Nd4+ Ke7 29.Nc6+  1-0

[Event "Budapest FS03 IM-B"]
[Site "Budapest"]
[Date "1997.??.??"]
[Round "1"]
[White "Gara, Anita"]
[Black "Peredy, Ferenc"]
[Result "1/2-1/2"]
[WhiteElo "2285"]
[BlackElo "2200"]

1.e4 d5 2.exd5 Qxd5 3.Nc3 Qd6 4.d4 Nf6 5.Bc4 a6 6.Nf3 b5 7.Bd3 Bb7 8.Qe2 Nbd7
9.Ne4 Nxe4 10.Bxe4 Bxe4 11.Qxe4 Rd8 12.O-O e6 13.Bf4 Qb6 14.c3 Nf6 15.Qe2 Be7
16.a4 O-O 17.axb5 axb5 18.Ra2 Nd5 19.Bg3 Ra8 20.Rfa1 Qb7 21.h3 c6 22.Qd1 f6
23.Qb3 Kf7 24.Nd2 Rfd8 25.Ne4 Nb6 26.Rxa8 Rxa8 27.Rxa8 Qxa8 28.Bd6 Qa4 29.Qxa4 Nxa4
30.Bxe7 Kxe7 31.b3 Nb6 32.Kf1 Nd5 33.c4 bxc4 34.bxc4 Nb6 35.c5 Nd5 36.Ke2 h6
37.g3 e5 38.Nd6 Ke6 39.Kd3 Ne7 40.Ne8 g6 41.dxe5 Kxe5 42.Kc4 g5 43.Kd3 f5
44.Nd6 Kd5 45.Nf7 Ng8 46.Nd6 Ne7 47.Nf7 Ng8 48.Nd6 Ne7  1/2-1/2

[Event "Honved-B"]
[Site "Budapest"]
[Date "1997.??.??"]
[Round "3"]
[White "Acs, Peter"]
[Black "Wegerer, Fred"]
[Result "1-0"]
[WhiteElo "2420"]
[BlackElo "2320"]

1.e4 d5 2.exd5 Qxd5 3.Nc3 Qd6 4.d4 Nf6 5.Nf3 Bg4 6.h3 Bh5 7.g4 Bg6 8.Ne5 c6
9.Bf4 Nd5 10.Nxd5 Qxd5 11.f3 Nd7 12.Bc4 Qa5+ 13.c3 Nxe5 14.Bxe5 e6 15.O-O h5
16.Qb3 Qb6 17.Bxe6 hxg4 18.hxg4 Be7 19.Qxb6 axb6 20.Bb3 f6 21.Bc7 b5 22.Rfe1 Kf8
23.Re3 Bf7 24.Rae1 Bxb3 25.axb3  1-0

[Event "Spring op"]
[Site "Budapest"]
[Date "1997.??.??"]
[Round "5"]
[White "Kerek, Krisztian"]
[Black "Peredy, Ferenc"]
[Result "1-0"]
[WhiteElo "2290"]
[BlackElo "2200"]

1.e4 d5 2.exd5 Qxd5 3.Nc3 Qd6 4.Bc4 Nf6 5.Bb3 a6 6.d4 e6 7.Nf3 b5 8.Ne5 Bb7
9.Bf4 Qd8 10.Qe2 Nd5 11.Nxd5 Bxd5 12.c3 Nc6 13.O-O Be7 14.Nxc6 Bxc6 15.Qe5 O-O
16.Qxc7 Qe8 17.Rfe1 Bd8 18.Qe5 Qd7 19.Rad1 Qb7 20.d5 exd5 21.Bxd5 Bf6 22.Bxc6 Qxc6
23.Qc7 Qxc7 24.Bxc7 b4 25.Bd6 bxc3 26.Bxf8 Rxf8 27.bxc3 Bxc3 28.Re3 Bb4 29.Red3 Be7
30.Rd7 Bf6 31.Ra7  1-0

[Event "Budapest FS06 IM"]
[Site "Budapest"]
[Date "1997.??.??"]
[Round "10"]
[White "Salinnikov, DY."]
[Black "Peredy, Ferenc"]
[Result "1/2-1/2"]
[WhiteElo "2260"]
[BlackElo "2200"]

1.e4 d5 2.exd5 Qxd5 3.Nc3 Qd6 4.d4 Nf6 5.Nf3 a6 6.g3 Bg4 7.Bg2 Nc6 8.Bf4 Qe6+
9.Qe2 O-O-O 10.Qxe6+ Bxe6 11.O-O-O h6 12.Ne5 Nxe5 13.Bxe5 Nd5 14.Nxd5 Bxd5
15.Bxd5 Rxd5 16.c4 Rd8 17.d5 Re8 18.Rhe1 Rg8 19.b4 g6 20.c5 e6 21.d6 cxd6
22.Bxd6 Rd8 23.Be5 Be7 24.Kc2 Rxd1 25.Rxd1 Rd8 26.Rxd8+ Kxd8 27.Kb3 Kd7 28.Kc4 Kc6
29.a4 Bd8 30.h4 h5 31.Bd4 Be7 32.Be5 Bd8 33.Bf4 Bf6 34.f3 Bg7 35.b5+ axb5+
36.axb5+ Kd7 37.Kb4 Bd4 38.Bd6 Bf2 39.Ka5 Kc8 40.c6 Be3 41.Be5 Bf2 42.Kb4 bxc6
43.bxc6 f6  1/2-1/2

[Event "Budapest"]
[Site "Budapest"]
[Date "1997.??.??"]
[Round "11"]
[White "Farago, Sandor"]
[Black "Persson, Richard"]
[Result "1-0"]
[WhiteElo "2255"]
[BlackElo "2150"]

1.e4 d5 2.exd5 Qxd5 3.Nc3 Qd6 4.g3 Nf6 5.Bg2 Bg4 6.Nge2 c6 7.h3 Bf5 8.d4 Nbd7
9.Bf4 e5 10.dxe5 Nxe5 11.Qxd6 Bxd6 12.O-O-O O-O-O 13.Rxd6 Rxd6 14.Bxe5 Rdd8
15.g4 Bg6 16.f4 Ne8 17.f5 f6 18.Bd4 Bf7 19.Bxa7 Nd6 20.b3 h5 21.Rf1 hxg4
22.hxg4 Rh2 23.Nf4 Kc7 24.Bf2 Rhh8 25.Bg3 Kd7 26.Na4 Nb5 27.Re1 Rde8 28.Nb6+ Kc7
29.Nfd5+ Kd8 30.Ne3 Nc3 31.Bf4 Bd5 32.Nbxd5 cxd5 33.Kb2 d4 34.Bxb7 Re7 35.Bc6 Rh4
36.a4 Rxg4 37.Nxg4 Rxe1 38.a5 Rb1+ 39.Ka3 Ra1+ 40.Kb4 Ra2 41.Bb7  1-0

[Event "Ceske Budejovice op"]
[Site "Ceske Budejovice"]
[Date "1997.??.??"]
[Round "3"]
[White "Blazkova, Petra"]
[Black "Jirovsky, Pavel"]
[Result "1/2-1/2"]
[WhiteElo "2225"]
[BlackElo "2355"]

1.e4 d5 2.exd5 Qxd5 3.Nc3 Qd6 4.d4 Nf6 5.Nf3 a6 6.Ne5 c5 7.Nc4 Qc7 8.dxc5 Nbd7
9.Qf3 Qxc5 10.Be3 Qc7 11.O-O-O e5 12.Nd5 Nxd5 13.Qxd5 Be7 14.Nd6+ Bxd6 15.Qxd6 Qxd6
16.Rxd6 Ke7 17.Rd2 b5 18.Bd3 Bb7 19.Bf5 Rhd8 20.Re1 Nf8 21.f4 Kf6 22.g4 exf4
23.Bxf4 Rxd2 24.Bxd2 g6 25.Bd3 Ne6 26.Rf1+ Kg7 27.Be3 Rd8 28.a4 bxa4 29.Bc4 Rc8
30.Bxe6 fxe6 31.Bd4+ Kg8 32.Kd2 Be4 33.c3 Bd5 34.Be5 Rd8 35.Rf4 Bb3+ 36.Rd4 Rd5
37.Bf6 Kf8 38.g5 Ke8 39.Rxd5 exd5 40.Ke3 Kf7 41.Kd4 Ke6 42.Bd8 Kf5 43.Ke3 Kg4
44.Be7 Ba2 45.Bf6 Kh3 46.Be5 Bb3 47.Bd6 Bc4 48.Be5 Kh4 49.Bf6 Kg4 50.Be7  1/2-1/2

[Event "Dieren op"]
[Site "Dieren"]
[Date "1997.??.??"]
[Round "6"]
[White "Bosch, Jeroen"]
[Black "De Heer, Machiel"]
[Result "1-0"]
[WhiteElo "2405"]
[BlackElo "2325"]

1.e4 d5 2.exd5 Qxd5 3.Nc3 Qd8 4.d4 g6 5.Bf4 Bg7 6.Qd2 Nf6 7.Nf3 O-O 8.O-O-O c6
9.Ne5 b5 10.f3 Be6 11.Kb1 Qa5 12.a3 Qb6 13.h4 Rd8 14.Be3 Nd5 15.Nxd5 Bxd5
16.Bd3 Nd7 17.h5 Nxe5 18.dxe5 c5 19.hxg6 hxg6 20.Qf2 Qe6 21.Bxc5 Qxe5 22.c3 Bb3
23.Rde1 Qf4 24.g3 Qc7 25.Rxe7 Qc8 26.Bd4 Bxd4 27.cxd4 Kg7 28.Qe3 Qa6 29.Qe5+  1-0

[Event "Oberliga Nord N9697"]
[Site "Germany"]
[Date "1997.??.??"]
[Round "?"]
[White "Trisic, Alexandar"]
[Black "Storm, Roland"]
[Result "0-1"]
[WhiteElo "2260"]
[BlackElo "2300"]

1.e4 d5 2.exd5 Qxd5 3.Nc3 Qd8 4.d4 g6 5.Bc4 Bg7 6.Nf3 Nh6 7.Bxh6 Bxh6 8.Ne5 O-O
9.Qe2 Nd7 10.h4 Nxe5 11.dxe5 Qd4 12.Rd1 Qg4 13.f3 Qg3+ 14.Kf1 c6 15.h5 Kg7
16.hxg6 hxg6 17.e6 f5 18.Rh3 Qc7 19.g3 b5 20.Bb3 a5 21.a4 b4 22.Nb1 Bg5 23.Kg2 Ba6
24.Qf2 Rad8 25.Rdh1 Rh8 26.Rxh8 Rxh8 27.Rxh8 Kxh8 28.Qd4+ Bf6 29.Qe3 Kg7
30.c3 c5 31.Bd5 Qd6 32.c4 Bxb2 33.f4 Bd4 34.Qf3 Bc8 35.Qe2 Qb6 36.Kf1 b3  0-1

[Event "BL9697 (Women)"]
[Site "Germany"]
[Date "1997.??.??"]
[Round "?"]
[White "Kierzek, Mira"]
[Black "Nagrocka, Ewa"]
[Result "0-1"]
[WhiteElo "2095"]
[BlackElo "2105"]

1.e4 d5 2.exd5 Qxd5 3.Nc3 Qd6 4.d4 c6 5.Nf3 Nf6 6.h3 Bf5 7.Bc4 e6 8.O-O Nbd7
9.Re1 Nb6 10.Bb3 Rd8 11.Qe2 Be7 12.Be3 O-O 13.Rad1 Nfd5 14.Nxd5 Nxd5 15.Bc1 Qc7
16.c4 Nf6 17.Ne5 Nd7 18.g4 Bg6 19.Nxg6 hxg6 20.Bd2 Nf6 21.Bc3 Bd6 22.Qf3 b5
23.cxb5 cxb5 24.d5 Nxd5 25.Bxd5 exd5 26.Rxd5 b4 27.Be5 Bxe5 28.Rdxe5 Qc2
29.R5e2 Qd3 30.Re3 Qd5 31.Qf4 Qd4 32.Qxd4 Rxd4 33.Re7 a5 34.R1e2 Rd1+ 35.Kg2 Ra1
36.b3 Ra8 37.Rb7 Ra6 38.Re8+ Kh7 39.Rxf7 Rf6 40.Rxf6 gxf6 41.Re2 g5 42.f3 Kg6
43.Kg3 Rg1+ 44.Rg2 Rf1 45.Rh2 Rg1+ 46.Kf2 Rc1 47.Ke3 f5 48.gxf5+ Kxf5 49.Rd2 Rc3+
50.Kf2 Rc5 51.Kg3 Re5 52.Rd4 Rc5 53.Rc4 Rxc4 54.bxc4 a4 55.c5 b3 56.c6 Ke6
57.axb3 axb3 58.c7 Kd7 59.Kg4 b2 60.Kxg5 b1=Q 61.f4 Qg1+ 62.Kf6 Qb6+ 63.Kg5 Qxc7
64.f5 Qg3+ 65.Kf6 Qxh3 66.Kg5  0-1

[Event "BL2-W9697"]
[Site "Germany"]
[Date "1997.??.??"]
[Round "?.3"]
[White "Hogenacker, Jacques"]
[Black "Brecht, Anselm"]
[Result "1/2-1/2"]
[WhiteElo "2320"]
[BlackElo "2270"]

1.e4 d5 2.exd5 Qxd5 3.Nc3 Qd6 4.g3 Nf6 5.Bg2 c6 6.Nf3 Bf5 7.O-O e6 8.d3 Qc7
9.Qe2 Nbd7 10.Ne4 Nxe4 11.dxe4 Bg4 12.h3 Bh5 13.Bf4 e5 14.Be3 Be7 15.Qc4 O-O
16.a4 Rfd8 17.Qc3 f6 18.a5 Bf7 19.Rfd1 Nf8 20.Rxd8 Qxd8 21.Bf1 Ne6 22.Bc4 Qd7
23.Kg2 Bf8 24.Ne1 h6 25.h4 g5 26.hxg5 hxg5 27.Nd3 Bd6 28.Qb3 Kg7 29.Rh1 a6
30.f3 Rh8 31.Rxh8 Kxh8 32.g4 Kg7 33.Nc1 Bc5 34.Ne2 Bxe3 35.Bxe6 Qd2 36.Bc4 Bxc4
37.Qxc4 Qe1 38.Ng3 Qf2+ 39.Kh3 Qxf3 40.Qe6 Bf4 41.Qe7+ Kg8 42.Qe8+  1/2-1/2

[Event "BL2-S9697"]
[Site "Germany"]
[Date "1997.??.??"]
[Round "?.5"]
[White "Duschek, Volker"]
[Black "Lentrodt, Thomas"]
[Result "1-0"]
[WhiteElo "2235"]
[BlackElo "2285"]

1.e4 d5 2.exd5 Qxd5 3.Nc3 Qd6 4.d4 c6 5.Bc4 Nf6 6.Nf3 Bg4 7.Be3 Nbd7 8.h3 Bxf3
9.Qxf3 Nb6 10.Bb3 Nbd5 11.Nxd5 cxd5 12.Ba4+ Nd7 13.O-O e6 14.c4 Rd8 15.Rac1 Be7
16.cxd5 exd5 17.Rc5 O-O 18.Rxd5 Qe6 19.Bb3 Qb6 20.Rc1 Nf6 21.Rxd8 Rxd8 22.g4 h6
23.Qf5 a5 24.h4 a4 25.Bc4 Qd6 26.g5 hxg5 27.hxg5 Nd5 28.Bd2 Qg6 29.Qxg6 fxg6
30.Kg2 Kf8 31.Rh1 Bb4 32.Rh8+ Ke7 33.Rxd8 Kxd8 34.Bc1 Ne7 35.Kf3 Nf5 36.Ke4 Ke7
37.Bd3 Be1 38.Be3 Kd6 39.Bb5 a3 40.bxa3 Nxe3 41.fxe3 Kc7 42.Kd5 Bh4 43.e4 Bxg5
44.e5 Bc1 45.a4 Bb2 46.Bd3 g5 47.Bf5 g6 48.Bxg6 g4 49.Bf5 g3 50.Bh3 b6 51.Ke4 Kd8
52.d5 Kc7 53.Bg2 Kd7 54.Kf5 Ke7 55.d6+ Kd7 56.Bf1 Ba3 57.Bb5+ Kd8 58.Bc6 Bb4
59.Kf4  1-0

[Event "BL2-O9697"]
[Site "Germany"]
[Date "1997.??.??"]
[Round "?.4"]
[White "Liedtke, Matthias"]
[Black "Braun, Gottfried"]
[Result "0-1"]
[WhiteElo "2280"]
[BlackElo "2330"]

1.e4 d5 2.exd5 Qxd5 3.Nc3 Qd6 4.d4 Nf6 5.Nf3 Bg4 6.h3 Bxf3 7.Qxf3 c6 8.Bf4 Qxd4
9.Rd1 Qb6 10.Bc4 e6 11.O-O Nbd7 12.Rfe1 Be7 13.Bxe6 fxe6 14.Rxe6 Nf8 15.Ree1 Ng6
16.Bd6 Rd8 17.Qg3 O-O 18.Bxe7 Rxd1 19.Nxd1 Re8 20.Qa3 c5 21.Qa4 Rxe7  0-1

[Event "NRW-Liga I 9697"]
[Site "Germany"]
[Date "1997.??.??"]
[Round "8.3"]
[White "Kruse, Herbert"]
[Black "Schindler, Werner"]
[Result "1/2-1/2"]
[WhiteElo "2210"]
[BlackElo "2310"]

1.e4 d5 2.exd5 Qxd5 3.Nc3 Qd6 4.d4 Nf6 5.Nf3 a6 6.Ne5 e6 7.Bf4 Nc6 8.Ng6 Qxd4
9.Qxd4 Nxd4 10.Nxh8 Nxc2+ 11.Kd2 Nxa1 12.Bxc7 Bd7 13.Bd3 Bb4 14.Rxa1 Ke7
15.Nxf7 Kxf7 16.a3 Bxc3+ 17.bxc3 Bc6 18.f3 Rc8 19.Be5 Bd5 20.Rb1 Rd8 21.Ke2 b5
22.Rb4 Bc6 23.c4 Nd7 24.Bc7 Rc8 25.cxb5 axb5 26.Bd6 e5 27.Bxb5 Ke6 28.Bxc6 Rxc6
29.Bb8 Ra6 30.Bc7 Rxa3 31.Kf2 Ra6 32.Rb5 Rc6 33.Ba5 Rc2+ 34.Kg3 Nc5 35.Rb6+ Kf7
36.Rd6 Ne6 37.Rd2 Rc4 38.Bb6 Rb4 39.Be3 Kf6 40.Kf2 h5  1/2-1/2

[Event "Goetzis IM4"]
[Site "Goetzis"]
[Date "1997.??.??"]
[Round "7"]
[White "Stanojevic, Stanimir"]
[Black "Todorov, Todor"]
[Result "0-1"]
[WhiteElo "2110"]
[BlackElo "2375"]

1.e4 d5 2.exd5 Qxd5 3.Nc3 Qd6 4.d4 Nf6 5.Bc4 Bg4 6.f3 Bf5 7.Nge2 a6 8.Bf4 Qd7
9.Qd2 e6 10.Qe3 Be7 11.O-O-O b5 12.Bb3 c6 13.g4 Bg6 14.Qf2 Nd5 15.Bg3 Qb7
16.Rhe1 O-O 17.h4 h6 18.f4 f5 19.Nxd5 exd5 20.h5 Bf7 21.g5 Bxh5 22.gxh6 g6
23.Rd3 Nd7 24.Re3 Nf6 25.Nc3 Rae8 26.Re6 Kh7 27.Bh4 Ne4 28.Nxe4 fxe4 29.Bxe7 Rxe7
30.Re5 Ref7 31.Rg1 Rxf4 32.Qe1 Kxh6 33.c3 Qf7 34.Qe3 Kh7 35.Re1 Rf3 36.Qg5 Qf4+  0-1

[Event "HUN-chT2 9798"]
[Site "HUN"]
[Date "1997.??.??"]
[Round "?"]
[White "Antal, Sebestyen Jr"]
[Black "Vajda, Levente"]
[Result "1-0"]
[WhiteElo "2320"]
[BlackElo "2435"]

1.e4 d5 2.exd5 Qxd5 3.Nc3 Qd8 4.Nf3 Bf5 5.d4 e6 6.Ne5 c6 7.g4 Bg6 8.h4 Bb4
9.Bg2 Nf6 10.O-O h5 11.Nxg6 fxg6 12.g5 Bxc3 13.bxc3 Nd5 14.Qd3 Ne7 15.Re1 Kf7
16.Rb1 Qd7 17.Ba3 Nf5 18.Re4 Re8 19.c4 Na6 20.d5 exd5 21.cxd5 Rxe4 22.Qxe4 Re8
23.dxc6 Rxe4 24.cxd7 Rd4 25.Rxb7 Ke6 26.c4  1-0

[Event "Juvenil op"]
[Site "?"]
[Date "1997.??.??"]
[Round "3"]
[White "Basora Pascual, Lluc"]
[Black "Pinazo Donoso, Jordi"]
[Result "0-1"]
[WhiteElo "2100"]
[BlackElo "2175"]

1.e4 d5 2.exd5 Qxd5 3.Nc3 Qd6 4.d4 Nf6 5.Nf3 a6 6.g3 Bg4 7.Bg2 Nc6 8.Be3 O-O-O
9.O-O e5 10.dxe5 Nxe5 11.Qxd6 Bxd6 12.Nd2 Bb4 13.f4 Ng6 14.Nb3 Rhe8 15.Bd4 Rxd4
16.Nxd4 Bc5 17.Rae1 Bxd4+ 18.Kh1 Bf5 19.Rxe8+ Nxe8 20.Ne4 Bxe4 21.Bxe4 Nd6
22.Bxg6 hxg6 23.c3 Bf6 24.Kg2 b5 25.a3 a5 26.Kf3 b4 27.axb4 axb4 28.Rc1 b3
29.Ke2 c5 30.Kd3 c4+ 31.Kd2 Kd7 32.Re1 Kc6 33.Ke3 Nb7 34.Re2 Nc5 35.h4 Na4
36.Rh2 Bxc3 37.bxc3 b2  0-1

[Event "Juvenil op"]
[Site "?"]
[Date "1997.??.??"]
[Round "4"]
[White "Baches Garcia, Guillermo"]
[Black "Pinazo Donoso, Jordi"]
[Result "1-0"]
[WhiteElo "2235"]
[BlackElo "2175"]

1.e4 d5 2.exd5 Qxd5 3.Nc3 Qd6 4.g3 a6 5.Bg2 Nf6 6.Nge2 e5 7.O-O Nc6 8.d3 Bg4
9.h3 Bh5 10.b4 Qd7 11.Rb1 Bd6 12.a4 Nxb4 13.Bxb7 Rb8 14.Bg2 O-O 15.g4 Bg6
16.f4 Bc5+ 17.Kh2 exf4 18.Nxf4 Rbe8 19.g5 Qd4 20.Nce2 Qd6 21.gxf6 Bh5 22.Kh1 Bxe2
23.Nxe2  1-0

[Event "Klatovy op-A"]
[Site "Klatovy"]
[Date "1997.??.??"]
[Round "?"]
[White "Paldus, P."]
[Black "Duran, Tomas"]
[Result "1-0"]
[WhiteElo "2015"]
[BlackElo "2130"]

1.e4 d5 2.exd5 Qxd5 3.Nc3 Qd8 4.Nf3 Bg4 5.d4 Nf6 6.h3 Bh5 7.Be3 e6 8.a3 c6
9.Bd3 Bd6 10.g4 Bg6 11.Ne5 Nbd7 12.f4 Bxd3 13.Qxd3 h5 14.g5 Nd5 15.Nxd5 cxd5
16.g6 Qh4+ 17.Bf2 Qxf4 18.gxf7+ Kd8 19.Ng6 Qh6 20.Nxh8 Qxh8 21.Bh4+ Nf6 22.Bxf6+ gxf6
23.Qg6 Ke7 24.Rg1 Rf8 25.Qg7 Qxg7 26.Rxg7 Rxf7 27.Rxf7+ Kxf7 28.Ke2 b5 29.a4 b4
30.a5 a6 31.Kd3 Bc7 32.c4 bxc3 33.Kxc3 e5 34.b4 Bb8 35.b5 axb5 36.a6 Ba7
37.Kb4 e4 38.Kxb5 Ke6 39.Rd1 Kd6 40.Kb4 f5 41.Kc3 f4 42.Rg1 Ke6 43.Rg6+ Kf7
44.Rd6 f3 45.Rxd5 Kf6 46.Kd2 Bb8 47.Re5  1-0

[Event "Klatovy op-A"]
[Site "Klatovy"]
[Date "1997.??.??"]
[Round "?"]
[White "Halama, Vratislav"]
[Black "Duran, Tomas"]
[Result "1/2-1/2"]
[WhiteElo "1930"]
[BlackElo "2130"]

1.e4 d5 2.exd5 Qxd5 3.Nc3 Qd8 4.Bc4 Nf6 5.Nf3 Bf5 6.d3 e6 7.Bg5 c6 8.Qe2 Nbd7
9.Nh4 Bg6 10.Nxg6 hxg6 11.h3 Qc7 12.O-O-O O-O-O 13.Bb3 Bd6 14.Rhe1 Bf4+ 15.Bxf4 Qxf4+
16.Qe3 Qxe3+ 17.Rxe3 Nc5 18.Ne4 Nfxe4 19.dxe4 Nxb3+ 20.Rxb3 Rxd1+ 21.Kxd1 Rd8+
22.Ke2  1/2-1/2